All countries in order by Tallest Building - Statistics

General Stats
  • This quiz has been taken 762 times
  • The average score is 70 of 196
Answers on the Map
Answers color-coded by a green-red scale on the quiz's map according to % correct below.
 
Answer Stats
Letter Answer Height % Correct
U United Arab Emirates 828m
99%
C China 632m
94%
M Malaysia 678.9m
92%
U United States 541.3m
88%
S Saudi Arabia 601m
87%
R Russia 462m
83%
S South Korea 554.5m
83%
V Vietnam 461.2m
81%
T Taiwan 508m
79%
J Japan 325.2m
77%
I Indonesia 382.9m
76%
A Australia 322.5m
75%
I India 320m
74%
K Kuwait 412.6m
73%
E Egypt 393.8m
72%
Q Qatar 300.7m
72%
T Turkey 352m
72%
C Canada 351.4m
70%
N North Korea 330m
70%
U United Kingdom 306m
70%
P Philippines 318m
69%
K Kazakhstan 310.8m
68%
M Mexico 305.3m
68%
T Thailand 315m
68%
B Brazil 294.1m
66%
P Poland 310m
65%
C Chile 300m
63%
G Germany 259m
62%
F France 241.6m
61%
I Israel 308.3m
59%
P Pakistan 273m
58%
P Panama 284m
58%
U Uzbekistan 266.5m
58%
V Venezuela 243.8m
58%
S Spain 249m
57%
A Azerbaijan 276.3m
55%
I Italy 217.7m
55%
A Argentina 235.2m
54%
S Singapore 283.7m
54%
A Algeria 264.3m
53%
S Sweden 246m
52%
B Bahrain 269.7m
50%
J Jordan 200m
50%
K Kenya 200.1m
49%
N Netherlands 215m
49%
A Austria 220m
48%
C Colombia 216m
48%
M Morocco 250m
48%
S South Africa 234m
48%
E Ethiopia 209.3m
47%
I Iraq 180m
47%
N New Zealand 187.2m
46%
U Ukraine 168m
45%
C Cambodia 264.6m
43%
F Finland 185m
42%
D Denmark 142.6m
41%
U Uruguay 157.6m
41%
B Bangladesh 200m
40%
H Hungary 143m
40%
I Iran 162m
40%
S Switzerland 205m
40%
Z Zimbabwe 120m
40%
B Bolivia 180.7m
39%
D Dominican Republic 161m
39%
G Georgia 210m
39%
K Kiribati 15.5m
39%
L Lebanon 195.2m
39%
S Sri Lanka 240m
39%
T Turkmenistan 173m
39%
U Uganda 155m
39%
V Vatican City 136.5m
39%
Y Yemen 100m
39%
B Bulgaria 202.2m
38%
N Nauru 17m
38%
P Peru 140.1m
38%
V Vanuatu 22m
38%
Z Zambia 89.9m
38%
P Portugal 145m
37%
N Nigeria 160.3m
36%
P Paraguay 172m
36%
T Tuvalu 16m
36%
F Federated States of Micronesia 15m
35%
M Marshall Islands 15m
35%
O Oman 53m
35%
A Antigua and Barbuda 21m
34%
B Belarus 164m
34%
B Belgium 148m
34%
E Ecuador 136.6m
34%
R Romania 137m
34%
S Serbia 168m
34%
T Tanzania 160m
34%
B Bosnia and Herzegovina 172m
33%
H Honduras 122m
33%
P Palau 25m
33%
T Tonga 23m
32%
D Dominica 26m
31%
S Slovakia 168m
31%
S Solomon Islands 21m
31%
A Angola 145m
30%
F Fiji 112m
30%
G Grenada 23m
30%
H Haiti 49m
30%
I Ireland 95.3m
30%
L Libya 144m
30%
C Cuba 154m
29%
I Ivory Coast 158m
29%
J Jamaica 60m
29%
L Laos 138m
29%
M Monaco 170m
29%
S Saint Kitts and Nevis 26m
29%
A Albania 150m
28%
R Republic of the Congo 135.8m
28%
S Saint Lucia 30m
28%
C Costa Rica 141m
27%
C Cyprus 170m
27%
L Lithuania 129m
27%
S Seychelles 30m
27%
E Estonia 123.7m
26%
I Iceland 77.6m
26%
K Kosovo 125m
26%
L Liechtenstein 39m
26%
N Norway 117m
26%
R Rwanda 90m
26%
S São Tomé and Príncipe 21m
26%
L Latvia 123m
25%
L Lesotho 39m
25%
L Liberia 39m
25%
C Comoros 36m
24%
E Eritrea 39m
24%
S Sudan 130m
24%
D Djibouti 51m
23%
E Eswatini 39m
23%
G Greece 103m
23%
T Tajikistan 123m
23%
D Democratic Republic of the Congo 108m
22%
E El Salvador 125m
22%
N North Macedonia 130m
22%
S Samoa 34m
22%
A Afghanistan 101.2m
21%
G Guatemala 112m
21%
M Myanmar 122m
21%
C Czech Republic 111m
20%
K Kyrgyzstan 75m
20%
L Luxembourg 118m
20%
M Madagascar 125m
20%
M Mongolia 150m
20%
M Mozambique 130m
20%
P Papua New Guinea 100m
20%
A Armenia 85m
19%
C Croatia 110m
19%
T Tunisia 80m
19%
G Guinea-Bissau 52m
18%
B Bahamas 93m
17%
B Barbados 50m
17%
B Brunei 120m
17%
E Equatorial Guinea 58m
17%
G Ghana 92m
17%
G Guyana 39.5m
17%
S Saint Vincent and the Grenadines 43m
17%
S Syria 120.2m
17%
T Trinidad and Tobago 108.8m
17%
E East Timor 57.4m
16%
G Gabon 70m
16%
G Gambia 42.7m
16%
G Guinea 100m
16%
M Mauritius 124m
16%
N Nepal 78.5m
16%
T Togo 102m
16%
A Andorra 80m
15%
B Burundi 32m
15%
C Cape Verde 46.6m
15%
N Niger 75m
15%
B Belize 43m
14%
C Cameroon 90m
14%
M Maldives 100m
14%
M Malta 112m
14%
N Nicaragua 61m
14%
B Benin 64m
13%
B Bhutan 55m
13%
B Botswana 105m
13%
M Mali 80m
13%
M Moldova 77m
13%
S San Marino 39m
13%
S Slovenia 89m
13%
C Central African Republic 44m
12%
M Malawi 43m
12%
M Montenegro 51.2m
12%
N Namibia 100m
12%
S Somalia 100m
12%
S South Sudan 46m
12%
B Burkina Faso 78m
11%
C Chad 70m
11%
M Mauritania 54m
11%
S Suriname 55m
11%
S Senegal 76.2m
10%
S Sierra Leone 64m
9%
No matching quizzes found
Score Distribution
Percent of People with Each Score
Percentile by Number Answered
Your Score History
You have not taken this quiz